Tayo'y mag-awitan : (Record no. 37667)
[ view plain ]
| 000 -LEADER | |
|---|---|
| fixed length control field | 01025ncm a2200313Ma 4500 |
| 001 - CONTROL NUMBER | |
| control field | 23572767 |
| 003 - CONTROL NUMBER IDENTIFIER | |
| control field | OCoLC |
| 005 - DATE AND TIME OF LATEST TRANSACTION | |
| control field | 20241003135744.0 |
| 008 - FIXED-LENGTH DATA ELEMENTS--GENERAL INFORMATION | |
| fixed length control field | 900817m19829999ph mza c n tgl d |
| 040 ## - CATALOGING SOURCE | |
| Original cataloging agency | BSOP |
| 041 0# - LANGUAGE CODE | |
| Language code of text/sound track or separate title | tagcebilopam |
| 100 1# - MAIN ENTRY--PERSONAL NAME | |
| Personal name | Umali, Restie. |
| 240 10 - UNIFORM TITLE | |
| Uniform title | <a href="Choral music.">Choral music.</a> |
| Form subheading | Selections. |
| 245 10 - TITLE STATEMENT | |
| Title | Tayo'y mag-awitan : |
| Remainder of title | sa koro / |
| Statement of responsibility, etc | Restie Umali. |
| 260 ## - PUBLICATION, DISTRIBUTION, ETC. (IMPRINT) | |
| Place of publication, distribution, etc | Philippines : |
| Name of publisher, distributor, etc | HE Academia Enterprises, |
| Date of publication, distribution, etc | 1990. |
| 300 ## - PHYSICAL DESCRIPTION | |
| Extent | 1 score ( v.) 82 pages : |
| Other physical details | ill. ; |
| Dimensions | 26 cm. |
| 336 ## - CONTENT TYPE | |
| Source | rdacontent |
| Content Type Term | notated music |
| 337 ## - MEDIA TYPE | |
| Source | rdamedia |
| Media Type Term | unmediated |
| 338 ## - CARRIER TYPE | |
| Source | rdacarrier |
| Carrier Type Term | volume |
| 440 ## - SERIES STATEMENT/ADDED ENTRY--TITLE | |
| Title | Choral concert series; |
| Number of part/section of a work | 2. |
| 500 ## - GENERAL NOTE | |
| General note | Words in Tagalog language. |
| 500 ## - GENERAL NOTE | |
| General note | Cover title. |
| 500 ## - GENERAL NOTE | |
| General note | Choral works and arrangements of Philippine folk-songs, principally for chorus (SATB) and piano. |
| 500 ## - GENERAL NOTE | |
| General note | Words in Tagalog language. |
| 500 ## - GENERAL NOTE | |
| General note | Cover title. |
| 650 #0 - SUBJECT ADDED ENTRY--TOPICAL TERM | |
| Topical term or geographic name as entry element | Folk songs |
| Geographic subdivision | Philippines. |
| 650 #0 - SUBJECT ADDED ENTRY--TOPICAL TERM | |
| Topical term or geographic name as entry element | Choruses, Secular (Mixed voices) with piano. |
| 942 ## - ADDED ENTRY ELEMENTS (KOHA) | |
| Source of classification or shelving scheme | Library of Congress Classification |
| Item type | Books |
| Withdrawn status | Lost status | Source of classification or shelving scheme | Damaged status | Not for loan | Home library | Current library | Shelving location | Date acquired | Source of acquisition | Cost, normal purchase price | Serial Enumeration / chronology | Inventory number | Total Checkouts | Full call number | Barcode | Date last seen | Price effective from | Koha item type |
|---|---|---|---|---|---|---|---|---|---|---|---|---|---|---|---|---|---|---|
| Library of Congress Classification | BSOP Library | BSOP Library | Filipiniana | 07/30/2014 | 10.00 | II | 36678 | M1547 Um1 | 00044278 | 07/30/2014 | 07/30/2014 | Books |
